000 00723nam a2200253Ia 4500
003 OSt
005 20220918163458.0
006 a|||||r|||| 00| 0
007 ta
008 220917b |||||||| |||| 00| 0 eng d
020 _a00429410040
024 _a5,084
037 _cTextual
040 _aARTS
_cARTS
_beng
041 _2eng
_aeng
082 _aQ4:5, L9
100 _aJones John Garrett
_913367
245 0 _aTales and teachings of the Buddha
_b The Jataka stories in relation to the pali canon
260 _aLondon
_bGeorge Allen and Unwin
_c1979
300 _axvi,216p Bibliography
_ccm.
650 _aRELIGION
942 _hQ4:5, L9
_cTEXL
_2CC
999 _c119783
_d119783